00566nam a2200181Ia 4500003000900000008004100009040001600050080002200066100001600088245010300104260003900207300002300246650002700269650004100296650001300337700001800350700001600368IN-BaIIA211028s9999 xx 000 0 eng d cIIA Library a524.7(082.2)bFRE aFreeman, K. 0aGalaxiescK. Freeman, Larson, R. B. And B.Tinsley  aSauvernybGeneva Observatoryc1976 a[various pagings.] aActive galactic nuclei aAstronomy and astrophysics thesaurus aGalaxies aLarson, R. B. aTinsley, B.